A summary of current education statistics 1978 to 1979 / (Record no. 23374)

MARC details
000 -LEADER
fixed length control field 00746nam a2200193Ia 4500
008 - FIXED-LENGTH DATA ELEMENTS--GENERAL INFORMATION
fixed length control field 210303s9999 xx 000 0 und d
016 ## - NATIONAL BIBLIOGRAPHIC AGENCY CONTROL NUMBER
Source reto2022b
040 ## - CATALOGING SOURCE
Original cataloging agency NLN
Language of cataloging English
Description conventions AACR2
110 ## - MAIN ENTRY--CORPORATE NAME
Corporate name or jurisdiction name as entry element OGUN State. Ministry of Finance and Economic Development. Statistics Division
245 #2 - TITLE STATEMENT
Title A summary of current education statistics 1978 to 1979 /
Statement of responsibility, etc Ogun State. Ministry of Finance and Economic Development. Statistics Division
260 ## - PUBLICATION, DISTRIBUTION, ETC. (IMPRINT)
Place of publication Abeokuta, Ogun State :
Name of publisher Statistics Division Ministry of Finance and Economic Development,
Date of publication 1979.
300 ## - COLLATION
Pagination [?]p. ;
Other physical details 33cm.
563 ## - BINDING INFORMATION
Binding note (pbk)
650 ## - TRACINGS
Main Subject Education
Subdivision (1st) Statistics
942 ## - ADDED ENTRY ELEMENTS (KOHA)
Suppress in OPAC No
Item type Government Document
082 ## - DEWEY DECIMAL CLASSIFICATION NUMBER
Classification number 370.96692
086 ## - HOMEMADE CLASSIFICATION NUMBER
Classification number DT515wg 8F491 .O28s
Holdings
Source of classification or shelving scheme Not for loan Home library Current library Date acquired Full call number Barcode. Koha item type
Library of Congress Classification   LAGOS BRANCH National Library of Nigeria 04/03/2021 DT515wg 8F491 .O28s 2024-555555551000281 Books

National Library of Nigeria OPAC is powered by Koha